CENTRUM DOKUMENTÁRNÍHO FILMU KNIHOVNA

logo MFDF Ji.hlavalogo DOK.REVUElogo Inspirační fórum

Od Listopadu po Novu : (Záznam č. 1886)

Podrobnosti MARC
000 -LEADER
kontrolní pole pevné délky 03907nam a2201309 i 4500
001 - ŘÍDÍCÍ ČÍSLO
kontrolní pole nkc20243607416
003 - CONTROL NUMBER IDENTIFIER
kontrolní pole CZ PrSKC
005 - DATUM A ČAS POSLEDNÍHO ZPRACOVÁNÍ
kontrolní pole 20260428173359.0
007 - FYZICKÝ POPIS - SPECIFIKACE PRO TIŠTĚNÝ ČI RUKOPISNÝ (OKEM ČITELNÝ) TEXT
kontrolní pole pevné délky ta
008 - SPECIFIKACE PRO KNIHY A POKRAČUJÍCÍ ZDROJE
kontrolní pole pevné délky 240522s2024 xr ach f 001 0 cze
015 ## - ČÍSLO NÁRODNÍ BIBLIOGRAFIE
Číslo národní bibliografie cnb003607416
020 ## - MEZINÁRODNÍ STANDARDNÍ ČÍSLO KNIHY (ISBN)
ISBN 9788074705199
Kvalifikátor (brožováno) :
Dostupnost Kč 229,00
035 ## - SYSTEM CONTROL NUMBER
System control number (OCoLC)1477946953
040 ## - CATALOGING SOURCE (Původ katalogizace)
Agentura zajišťující původní katalogizaci ABA001
Jazyk katalogizace cze
Agentura, která záznam modifikovala OLA001
Použitá pravidla popisu rda
041 0# - kód jazyka
Kód jazyka textu cze
Kód jazyka resumé eng
043 ## - KÓD GEOGRAFICKÉ OBLASTI
Kód geografické oblasti e-xr---
045 ## - ČASOVÉ OBDOBÍ OBSAHU DOKUMENTU
Kód časového období x8x9
072 #7 - SKUPINA KONSPEKTU
Klasifikační znak skupiny Konspektu 070
Slovní vyjádření skupiny Konspektu Noviny. Tisk. Žurnalistika
Zdroj Konspekt
080 ## - MEZINÁRODNÍ DESETINNÉ TŘÍDĚNÍ
Klasifikační znak MDT 070
Vydání MRF
080 ## - MEZINÁRODNÍ DESETINNÉ TŘÍDĚNÍ
Klasifikační znak MDT 316.774:32
Vydání MRF
080 ## - MEZINÁRODNÍ DESETINNÉ TŘÍDĚNÍ
Klasifikační znak MDT 070.13
Vydání MRF
080 ## - MEZINÁRODNÍ DESETINNÉ TŘÍDĚNÍ
Klasifikační znak MDT 342.727
Vydání MRF
080 ## - MEZINÁRODNÍ DESETINNÉ TŘÍDĚNÍ
Klasifikační znak MDT 316.42
Vydání MRF
080 ## - MEZINÁRODNÍ DESETINNÉ TŘÍDĚNÍ
Klasifikační znak MDT 070.42
Vydání MRF
080 ## - MEZINÁRODNÍ DESETINNÉ TŘÍDĚNÍ
Klasifikační znak MDT (437.3)
Vydání MRF
080 ## - MEZINÁRODNÍ DESETINNÉ TŘÍDĚNÍ
Klasifikační znak MDT (048.8)
Vydání MRF
100 1# - HLAVNI ZÁHLAVÍ - OSOBNÍ JMÉNO
Osobní jméno Klimeš, David,
Data související se jménem 1982-
Relationship aut
245 10 - ÚDAJE O NÁZVU
Název Od Listopadu po Novu :
Další údaje o názvu vývoj české žurnalistiky v letech 1989-1994 /
Údaje o odpovědnosti David Klimeš
250 ## - ÚDAJE O VYDÁNÍ
Označení vydání Vydání první
264 #1 - PRODUCTION, PUBLICATION, DISTRIBUTION, MANUFACTURE, AND COPYRIGHT NOTICE
Place of production, publication, distribution, manufacture Praha :
Name of producer, publisher, distributor, manufacturer Akropolis,
Date of production, publication, distribution, manufacture, or copyright notice 2024
300 ## - FYZICKÝ POPIS
Rozsah 141 stran :
Další fyzické údaje ilustrace, portréty, faksimile ;
Rozměry 21 cm
336 ## - CONTENT TYPE
Content type term text
Content type code txt
Zdroj rdacontent
337 ## - MEDIA TYPE
Media type term bez média
Media type code n
Zdroj rdamedia
338 ## - CARRIER TYPE
Carrier type term svazek
Carrier type code nc
Zdroj rdacarrier
500 ## - VŠEOBECNÁ POZNÁMKA
General note Chronologický přehled
504 ## - POZNÁMKA O BIBLIOGRAFII, ATD.
Bibliography, etc. note Obsahuje bibliografii, bibliografické odkazy a rejstřík
520 2# - ABSTRAKT, ATD.
Text poznámky Kniha se zabývá vývojem žurnalistické profese v letech 1989 až 1994.
Rozšířený text poznámky Polistopadový vývoj je v knize rozdělen do několika kapitol, které z různých pohledů sledují vývoj žurnalistické profese: Proměny kolektivní reprezentace novinářů ukazují přechod od státem řízeného novinářského svazu k dobrovolnému syndikátu a nechuti mnohých novinářů se profesně organizovat. Nakladatelská anotace. Kráceno.
546 ## - POZNÁMKA O JAZYKU
Language note Anglické resumé
648 #7 - VEDLEJŠÍ VĚCNÉ ZÁHLAVÍ - CHRONOLOGICKÝ TERMÍN
Chronologický termín od 1989
Zdroj záhlaví nebo termínu czenas
648 #4 - VEDLEJŠÍ VĚCNÉ ZÁHLAVÍ - CHRONOLOGICKÝ TERMÍN
Chronologický termín 1989-1994
650 07 - VEDLEJŠÍ VĚCNÉ ZÁHLAVÍ - VĚCNÉ TÉMA
Topical term or geographic name entry element žurnalistika
Geografické zpřesnění Česko
Chronologické zpřesnění od 1989
Zdroj záhlaví nebo termínu czenas
650 07 - VEDLEJŠÍ VĚCNÉ ZÁHLAVÍ - VĚCNÉ TÉMA
Topical term or geographic name entry element masmédia a politika
Geografické zpřesnění Česko
Chronologické zpřesnění od 1989
Zdroj záhlaví nebo termínu czenas
650 07 - VEDLEJŠÍ VĚCNÉ ZÁHLAVÍ - VĚCNÉ TÉMA
Topical term or geographic name entry element svoboda tisku
Geografické zpřesnění Česko
Chronologické zpřesnění od 1989
Zdroj záhlaví nebo termínu czenas
650 07 - VEDLEJŠÍ VĚCNÉ ZÁHLAVÍ - VĚCNÉ TÉMA
Topical term or geographic name entry element svoboda projevu
Geografické zpřesnění Česko
Chronologické zpřesnění od 1989
Zdroj záhlaví nebo termínu czenas
650 07 - VEDLEJŠÍ VĚCNÉ ZÁHLAVÍ - VĚCNÉ TÉMA
Topical term or geographic name entry element společenská transformace
Geografické zpřesnění Česko
Chronologické zpřesnění od 1989
Zdroj záhlaví nebo termínu czenas
650 07 - VEDLEJŠÍ VĚCNÉ ZÁHLAVÍ - VĚCNÉ TÉMA
Topical term or geographic name entry element novinářská profese
Geografické zpřesnění Česko
Chronologické zpřesnění od 1989
Zdroj záhlaví nebo termínu czenas
650 09 - VEDLEJŠÍ VĚCNÉ ZÁHLAVÍ - VĚCNÉ TÉMA
Topical term or geographic name entry element journalism
Geografické zpřesnění Czechia
Chronologické zpřesnění 1989-
Zdroj záhlaví nebo termínu eczenas
650 09 - VEDLEJŠÍ VĚCNÉ ZÁHLAVÍ - VĚCNÉ TÉMA
Topical term or geographic name entry element mass media and politics
Geografické zpřesnění Czechia
Chronologické zpřesnění 1989-
Zdroj záhlaví nebo termínu eczenas
650 09 - VEDLEJŠÍ VĚCNÉ ZÁHLAVÍ - VĚCNÉ TÉMA
Topical term or geographic name entry element freedom of the press
Geografické zpřesnění Czechia
Chronologické zpřesnění 1989-
Zdroj záhlaví nebo termínu eczenas
650 09 - VEDLEJŠÍ VĚCNÉ ZÁHLAVÍ - VĚCNÉ TÉMA
Topical term or geographic name entry element freedom of speech
Geografické zpřesnění Czechia
Chronologické zpřesnění 1989-
Zdroj záhlaví nebo termínu eczenas
650 09 - VEDLEJŠÍ VĚCNÉ ZÁHLAVÍ - VĚCNÉ TÉMA
Topical term or geographic name entry element social transformation
Geografické zpřesnění Czechia
Chronologické zpřesnění 1989-
Zdroj záhlaví nebo termínu eczenas
650 09 - VEDLEJŠÍ VĚCNÉ ZÁHLAVÍ - VĚCNÉ TÉMA
Topical term or geographic name entry element journalistic profession
Geografické zpřesnění Czechia
Chronologické zpřesnění 1989-
Zdroj záhlaví nebo termínu eczenas
655 #7 - REJSTŘÍKOVÝ TERMÍN -- žánr/forma
Žánr/forma či základní termín monografie
Source of term czenas
655 #9 - REJSTŘÍKOVÝ TERMÍN -- žánr/forma
Žánr/forma či základní termín monographs
Source of term eczenas
900 ## - EQUIVALENCE OR CROSS-REFERENCE-PERSONAL NAME [LOCAL, CANADA]
Římské číslice 19
910 ## - USER-OPTION DATA (OCLC)
User-option data ABA001
910 ## - USER-OPTION DATA (OCLC)
User-option data ABA006
910 ## - USER-OPTION DATA (OCLC)
User-option data ABA010
910 ## - USER-OPTION DATA (OCLC)
User-option data ABB060
910 ## - USER-OPTION DATA (OCLC)
User-option data ABB083
910 ## - USER-OPTION DATA (OCLC)
User-option data ABD001
910 ## - USER-OPTION DATA (OCLC)
User-option data ABD005
910 ## - USER-OPTION DATA (OCLC)
User-option data ABD103
910 ## - USER-OPTION DATA (OCLC)
User-option data ABE031
910 ## - USER-OPTION DATA (OCLC)
User-option data ABE301
910 ## - USER-OPTION DATA (OCLC)
User-option data ABE334
910 ## - USER-OPTION DATA (OCLC)
User-option data ABE343
910 ## - USER-OPTION DATA (OCLC)
User-option data ABG001
910 ## - USER-OPTION DATA (OCLC)
User-option data BEG001
910 ## - USER-OPTION DATA (OCLC)
User-option data BEG509
910 ## - USER-OPTION DATA (OCLC)
User-option data BNG001
910 ## - USER-OPTION DATA (OCLC)
User-option data BOA001
910 ## - USER-OPTION DATA (OCLC)
User-option data BOD031
910 ## - USER-OPTION DATA (OCLC)
User-option data BRG001
910 ## - USER-OPTION DATA (OCLC)
User-option data CBA001
910 ## - USER-OPTION DATA (OCLC)
User-option data CHG001
910 ## - USER-OPTION DATA (OCLC)
User-option data CRG001
910 ## - USER-OPTION DATA (OCLC)
User-option data CVG001
910 ## - USER-OPTION DATA (OCLC)
User-option data FMG502
910 ## - USER-OPTION DATA (OCLC)
User-option data HBG001
910 ## - USER-OPTION DATA (OCLC)
User-option data HKA001
910 ## - USER-OPTION DATA (OCLC)
User-option data HOG001
910 ## - USER-OPTION DATA (OCLC)
User-option data KAG001
910 ## - USER-OPTION DATA (OCLC)
User-option data KLG001
910 ## - USER-OPTION DATA (OCLC)
User-option data KMG001
910 ## - USER-OPTION DATA (OCLC)
User-option data KVG001
910 ## - USER-OPTION DATA (OCLC)
User-option data LIA001
910 ## - USER-OPTION DATA (OCLC)
User-option data MBG001
910 ## - USER-OPTION DATA (OCLC)
User-option data MEG502
910 ## - USER-OPTION DATA (OCLC)
User-option data MOG001
910 ## - USER-OPTION DATA (OCLC)
User-option data NJG502
910 ## - USER-OPTION DATA (OCLC)
User-option data NJG505
910 ## - USER-OPTION DATA (OCLC)
User-option data OLA001
910 ## - USER-OPTION DATA (OCLC)
User-option data OLD012
910 ## - USER-OPTION DATA (OCLC)
User-option data OLG001
910 ## - USER-OPTION DATA (OCLC)
User-option data OPE301
910 ## - USER-OPTION DATA (OCLC)
User-option data OSA001
910 ## - USER-OPTION DATA (OCLC)
User-option data OSD001
910 ## - USER-OPTION DATA (OCLC)
User-option data PAD001
910 ## - USER-OPTION DATA (OCLC)
User-option data PAG001
910 ## - USER-OPTION DATA (OCLC)
User-option data PBG001
910 ## - USER-OPTION DATA (OCLC)
User-option data PEG001
910 ## - USER-OPTION DATA (OCLC)
User-option data PNA001
910 ## - USER-OPTION DATA (OCLC)
User-option data PND007
910 ## - USER-OPTION DATA (OCLC)
User-option data SUG538
910 ## - USER-OPTION DATA (OCLC)
User-option data ULD001
910 ## - USER-OPTION DATA (OCLC)
User-option data ULG001
910 ## - USER-OPTION DATA (OCLC)
User-option data ZLD002
910 ## - USER-OPTION DATA (OCLC)
User-option data ZLG001
910 ## - USER-OPTION DATA (OCLC)
User-option data ZNG001
942 ## - PŘIDANÉ VEDLEJŠÍ ZÁHLAVÍ (KOHA)
Source of classification or shelving scheme Dewey Decimal Classification
Koha item type Kniha
Suppress in OPAC No
Jednotky
Datum poslední evidence Přírůstkové číslo Total Checkouts Signatura Čárový kód Cena effektivně od Koha item type Stav ztráty Source of classification or shelving scheme Stav poškození Nelze vypůjčit Stav zrušení Home library Current library Umístění Datum zapsání
28.04.2026 1886   942/1886/KLI 942/1886/KLI 28.04.2026 Kniha   Dewey Decimal Classification       Centrum dokumentárního filmu Centrum dokumentárního filmu Dokumentární kniha 942 28.04.2026